Central Library OPAC University of Rajshahi

The Cambridge history of Islam / (Record no. 32806)

MARC details
000 -LEADER
fixed length control field 01025nam a2200289 a 4500
001 - CONTROL NUMBER
control field 32806
003 - CONTROL NUMBER IDENTIFIER
rucl marc code BD-RjUL
005 - DATE AND TIME OF LATEST TRANSACTION
control field 20211209051910.0
008 - FIXED-LENGTH DATA ELEMENTS--GENERAL INFORMATION
fixed length control field 140428r19801970enkab b 000 0 eng
020 ## - INTERNATIONAL STANDARD BOOK NUMBER
International Standard Book Number 052121219485
035 ## - SYSTEM CONTROL NUMBER
System control number (BD-RjUL)32896
040 ## - CATALOGING SOURCE
Original cataloging agency DLC
Transcribing agency DLC
Modifying agency BD-RjUL
Language of cataloging eng
041 ## - LANGUAGE CODE
Language code of text/sound track or separate title eng
082 00 - DEWEY DECIMAL CLASSIFICATION NUMBER
Classification number 909.0917671
Author mark and year CAM V-2A 1980
245 04 - TITLE STATEMENT
Title The Cambridge history of Islam /
Statement of responsibility, etc. edited by P. M. Holt, Ann K. S. Lambton and Bernard Lewis.
Number of part/section of a work Volume 2A :
Name of part/section of a work The Indian sub-continent, south-east Asia, Africa and the muslim west.
260 ## - PUBLICATION, DISTRIBUTION, ETC. (IMPRINT)
Place of publication, distribution, etc. Cambridge [Eng.] :
Name of publisher, distributor, etc. University Press,
Date of publication, distribution, etc. c1970 [Reprinted 1980].
300 ## - PHYSICAL DESCRIPTION
Pagination xvi, 439 p. ;
Size 24 cm.
504 ## - BIBLIOGRAPHY, ETC. NOTE
Bibliography, etc Includes bibliography.
650 #0 - SUBJECT ADDED ENTRY--TOPICAL TERM
Topical term or geographic name as entry element Islamic civilization.
9 (RLIN) 99742
651 #0 - SUBJECT ADDED ENTRY--GEOGRAPHIC NAME
Geographic name Islamic countries
General subdivision History.
9 (RLIN) 99743
700 1# - ADDED ENTRY--PERSONAL NAME
Personal name Holt, P. M.
Fuller form of name (Peter Malcolm)
Personal name Lambton, Ann K. S.,
Dates associated with a name 1912-2008,
Relator term ed.
Personal name Lewis, Bernard,
Dates associated with a name 1916-
Relator term ed.
942 ## - ADDED ENTRY ELEMENTS (KOHA)
Source of classification or shelving scheme Dewey Decimal Classification
Koha item type Books
Holdings
Lost status Source of classification or shelving scheme Damaged status Not for loan Collection code Permanent Location Current Location Shelving location Date acquired Total Checkouts Full call number Date last seen Copy number Koha item type
  Dewey Decimal Classification   Not For Loan Non-fiction Central Library, University of Rajshahi Central Library, University of Rajshahi Reading Room 06/08/1986   909.0917671 CAM V-2A 1980 28/04/2014 C-1 Books